00614nam a22002297a 4500003000500000005001700005008004100022010000900063011000900072035000900081040000900090110004300099245003900142260004500181300002600226490001800252500001100270500003000281650003200311650002300343830001800366CHAP20220329133229.0971013s1981 r 00010 d a3687 a4659 a3863 cCHAP aTexas. Agricultural Statistics Service aTexas citrus tree inventory survey aAustin, Texas :bThe Service,c198- 19-- av.b: ilus. ; gráfs aBulletin: 242 aD51-13 aLa biblioteca tiene: 198714aCítricosxEstadísticas.14aCítricosxTexas.0 aBulletin: 242